Выживаемость онкологических больных (Запись № 267647)

Подробности
000 -МАРКЕР
контрольное поле 01868nam0a2200349 4500
001 - ИДЕНТИФИКАТОР ЗАПИСИ
контрольное поле RU\NLR\bibl\960961
005 - ИДЕНТИФИКАТОР ВЕРСИИ
контрольное поле 20260405110008.0
010 ## - МЕЖДУНАРОДНЫЙ СТАНДАРТНЫЙ НОМЕР КНИГИ (ISBN)
Номер (ISBN) 5-98408-054-0
Тираж 1000
021 ## - НОМЕР ГОСУДАРСТВЕННОЙ РЕГИСТРАЦИИ
Код страны российская федерация
Номер 2006-33106
Номер Листа государственной регистраци 1655
035 ## - ДРУГИЕ СИСТЕМНЫЕ НОМЕРА
Идентификатор записи (NLR Aleph) 000948992
100 ## - ДАННЫЕ ОБЩЕЙ ОБРАБОТКИ
Данные общей обработки 20060621d2006 |||y0rusy50 ca
101 0# - ЯЗЫК РЕСУРСА
Язык текста, звукозаписи и т.д. русский
-- английский
102 ## - СТРАНА ПУБЛИКАЦИИ ИЛИ ПРОИЗВОДСТВА
Страна публикации российская федерация
105 ## - ПОЛЕ КОДИРОВАННЫХ ДАННЫХ: ТЕКСТОВЫЕ МАТЕРИАЛЫ, МОНОГРАФИЧЕСКИЕ
Кодированные данные о монографическом текстовом документе a |||||||||
200 1# - ЗАГЛАВИЕ И СВЕДЕНИЯ ОБ ОТВЕТСТВЕННОСТИ
Основное заглавие Выживаемость онкологических больных
Параллельное заглавие Survival of cancer patients
Первые сведения об ответственности В.М. Мерабишвили
Последующие сведения об ответственности Популяц. раковый регистр Мед. информ.-аналит. центра Санкт-Петербурга, НИИ онкологии им. проф. Н.Н. Петрова, Науч.-метод. совет по развитию информ. технологий онкол. службы Сев.-Зап. федер. округа России
Язык параллельного заглавия английский
210 ## - ПУБЛИКАЦИЯ, РАСПРОСТРАНЕНИЕ И ДР.
Место издания, распространения и т.д. Санкт-Петербург
Имя издателя, распространителя и т. д. фирма КОСТА
Дата издания, распространения и т.д. 2006
215 ## - ФИЗИЧЕСКАЯ ХАРАКТЕРИСТИКА
Специфическое обозначение материала и объем 438 с., [1] л. портр.
Другие сведения о физической характеристике ил.
Размеры 29
300 ## - ОБЩИЕ ПРИМЕЧАНИЯ
Текст примечания Авт. также на англ. яз.: V.M. Merabishvili
300 ## - ОБЩИЕ ПРИМЕЧАНИЯ
Текст примечания Текст парал. на рус. и англ. яз.
320 ## - ПРИМЕЧАНИЯ О НАЛИЧИИ В ДОКУМЕНТЕ БИБЛИОГРАФИИ / УКАЗАТЕЛЯ
Текст примечания Библиогр.: с. 416-420 (94 назв.)
510 1# - ПАРАЛЛЕЛЬНОЕ ЗАГЛАВИЕ
Связь между полями z73790
Параллельное заглавие Survival of cancer patients
Язык заглавия английский
606 1# - НАИМЕНОВАНИЕ ТЕМЫ КАК ПРЕДМЕТ
Наименование темы Онкологические больные
Тематический подзаголовок Выживаемость
Географический подзаголовок Санкт-Петербург, город
Системный номер авторитетной/нормативной записи 2436109
Идентификатор авторитетной/нормативной записи RU\NLR\auth\661449616
686 ## - ИНДЕКСЫ ДРУГИХ КЛАССИФИКАЦИЙ
Индекс Р11(2)062.56
700 #1 - ИМЯ ЛИЦА - ПЕРВИЧНАЯ ОТВЕТСТВЕННОСТЬ
Код отношения Автор
Материалы, к которым относится поле rus
Графика поля Кириллица
Начальный элемент ввода Мерабишвили
Часть имени, кроме начального элемента ввода В. М.
Даты 1941-
Расширение инициалов личного имени Вахтанг Михайлович
Идентификатор авторитетной/нормативной записи RU\NLR\AUTH\7741232
Системный номер авторитетной/нормативной записи 24182
790 #1 - ИМЯ ЛИЦА - АЛЬТЕРНАТИВНАЯ ФОРМА
Код отношения Автор
Материалы, к которым относится поле rus
Графика поля Латинская
Начальный элемент ввода Merabišvili
Часть имени, кроме начального элемента ввода V. M.
Даты 1941-
Расширение инициалов личного имени Vachtang Michajlovič
Идентификатор авторитетной/нормативной записи RU\NLR\auth\7741233
Системный номер авторитетной/нормативной записи 24183
801 #0 - ИСТОЧНИК ЗАПИСИ
Страна российская федерация
Организация NLR
Дата составления 20060621
Правила каталогизации rcr
801 #1 - ИСТОЧНИК ЗАПИСИ
Страна российская федерация
Организация NLR
Дата составления 20060621
830 ## - ОБЩЕЕ ПРИМЕЧАНИЕ, СОСТАВЛЕННОЕ КАТАЛОГИЗАТОРОМ
Текст примечания Авт. по кн
942 ## - ДОПОЛНИТЕЛЬНЫЕ ЭЛЕМЕНТЫ ЗАПИСИ (АБИС)
Тип экземпляра АБИС Книга
980 ## - КОЛЛЕКЦИЯ
Название коллекции Национальная библиография
Экземпляры
Тип экземпляра Дата поступления Источник поступления Стоимость Библиотека постоянного хранения Библиотека текущего хранения Место хранения Шифр хранения Штрих-код Статус не для выдачи
Книга 21.06.2006 Дар 400.00 РНБ (Московский) РНБ (Московский) Русский книжный фонд: издания с 1957 года, 3этаж 2006-8/1757 2216532  
Книга 14.07.2006 Обязательный экземпляр   РНБ (Московский) РНБ (Московский) Русский книжный фонд: издания с 1957 года, 3этаж 2006-8/1757 2228493  
Книга 11.09.2006 Обязательный экземпляр   РНБ (Московский) РНБ (Московский) Выбыл из РНБ в другие организации (Обменный фонд)   2255630  
Книга 26.07.2006 Дар   РНБ (Садовая) РНБ (Садовая) Фонд научного зала литературы по биологии и медицине М2 Р11(2)0/М-520 1-244215